000 00517nam a2200181Ia 4500
005 20250326124410.0
008 250326s9999 xx 000 0 und d
037 _aTextbook
040 _aFMSL
_beng
_cFMSL
041 _aeng
_2eng
084 _aX:75 L9
_qFMSL
100 _aChristopher M
_9263429
245 0 _aDistribution planning and control
_cChristopher M; Walters D And Others
260 _aEngland
_bEngland, Gower
_c1979
300 _a161p
942 _cTB
_hX:75 L9
999 _c1273562
_d1273562